[Event "Barcelona Sant Marti op-B 17th"]
[Site "Barcelona"]
[Date "2015.07.20"]
[Round "8"]
[White "Ortega Farrus, Alfonso"]
[Black "Ani, Virgil"]
[Result "0-1"]
[WhiteElo "1704"]
[BlackElo "1826"]
[PlyCount "102"]
[EventDate "2015.07.13"]
[EventType "swiss"]
[EventRounds "9"]
[EventCountry "ESP"]
[SourceTitle "EXT 2016"]
[Source "ChessBase"]
[SourceDate "2015.10.08"]
[SourceVersion "1"]
[SourceVersionDate "2015.10.08"]
[SourceQuality "1"]

1. c4 c5 2. Nc3 Nc6 3. Nf3 Nf6 4. g3 b6 5. Bg2 Bb7 6. 0-0 g6 7. d3 Bg7 8. Bd2 0-0 9. Rb1 e6 10. a3 d5 11. cxd5 exd5 12. Bg5 Qd7 13. d4 c4 14. Bxf6 Bxf6 15. e3 Rad8 16. Qc2 Ne7 17. Ne2 Bg7 18. Nf4 Nf5 19. Bh3 Rfe8 20. Bxf5 gxf5 21. Qe2 Qe7 22. Rfd1 Rd6 23. h4 Kh8 24. Qf1 Rh6 25. Qh3 Bc8 26. Qg2 Rd6 27. Ng5 Bb7 28. Nh5 Bh6 29. Nf3 f6 30. Qh3 Bc8 31. Nf4 Bxf4 32. exf4 Qg7 33. Re1 Re4 34. h5 Rd8 35. Qh4 Rde8 36. Rxe4 dxe4 37. Nd2 b5 38. a4 e3 39. fxe3 Rxe3 40. Nf1 Rd3 41. axb5 Rxd4 42. Ra1 Rd7 43. Re1 Re7 44. Rc1 Rc7 45. Re1 Bd7 46. Ne3 Rc5 47. Rd1 Qe7 48. Nd5 Rxd5 49. Rxd5 Qe3+ 50. Kg2 Qe4+ 51. Kh3 Qh1# 0-1

[Event "Barcelona Sant Marti op-B 17th"]
[Site "Barcelona"]
[Date "2015.07.13"]
[Round "1"]
[White "Ortega Farrus, Alfonso"]
[Black "Llopis Jordan, Lluis"]
[Result "0-1"]
[WhiteElo "1704"]
[BlackElo "1936"]
[PlyCount "54"]
[EventDate "2015.07.13"]
[EventType "swiss"]
[EventRounds "9"]
[EventCountry "ESP"]
[SourceTitle "EXT 2016"]
[Source "ChessBase"]
[SourceDate "2015.10.08"]
[SourceVersion "1"]
[SourceVersionDate "2015.10.08"]
[SourceQuality "1"]

1. d4 Nf6 2. c4 g6 3. Nc3 Bg7 4. e4 d6 5. h3 0-0 6. Nf3 c5 7. d5 Nfd7 8. Be3 Na6 9. a3 Nc7 10. Bd3 a6 11. Qc2 Rb8 12. 0-0 b5 13. cxb5 axb5 14. b4 Ba6 15. Bf4 c4 16. Be2 Nb6 17. Rac1 Ra8 18. Be3 Qb8 19. Bxb6 Qxb6 20. Rfd1 Bc8 21. Qb2 f5 22. exf5 Bxf5 23. Qa2 Ra7 24. Nd2 Bxh3 25. Bf3 Bf5 26. a4 Bxc3 27. Rxc3 Rxa4 0-1